[Event "Stadtmeisterschaft Ulm/Neu Ulm 2008"]
[Site "?"]
[Date "2008.10.31"]
[Round "4"]
[White "Gebhardt, Uwe"]
[Black "Souissi, Skander"]
[Result "1-0"]
[WhiteElo "1996"]
[BlackElo "1850"]
[Annotator "Frederic"]
[PlyCount "101"]
[EventDate "2008.??.??"]
[SourceDate "2008.11.03"]

1. d4 Nf6 2. c4 g6 3. Nc3 Bg7 4. e4 O-O 5. Be2 d6 6. Nf3 e5 7. d5 Na6 8. Bg5 h6
9. Bh4 Qe8 10. Nd2 Bd7 11. g4 Nc5 12. f3 Nh7 13. Bf2 f5 14. gxf5 gxf5 15. Bxc5
dxc5 16. Nb5 Qd8 17. h4 Bf6 18. Qb3 Bxh4+ 19. Kd1 Bg5 20. Kc2 f4 21. Rag1 Kf7
22. Qc3 a6 23. Na3 Qf6 24. Nb3 b6 25. Nc1 Rae8 26. Nd3 Rg8 27. b4 cxb4 28. Nxb4
a5 29. Nd3 Bh4 30. Rxg8 Kxg8 31. Nxe5 Ba4+ 32. Kd2 Rxe5 33. Rxh4 Qxh4 34. Qxe5
Qf6 35. Qxf6 Nxf6 36. Nb1 Be8 37. Nc3 Nh5 38. Nd1 Ng3 39. Nf2 Bd7 40. e5 Kf8
41. e6 Bxe6 42. dxe6 Ke7 43. Nh3 Nh5 44. Kd3 Kxe6 45. Bd1 Ke5 46. Nf2 Nf6 47.
Ng4+ Nxg4 48. fxg4 f3 49. Bxf3 Kf4 50. Bd1 c6 51. Kd4 1-0

[Event "Stadtmeisterschaft Ulm/Neu Ulm 2008"]
[Site "?"]
[Date "2008.10.31"]
[Round "4"]
[White "Schulze, Andreas"]
[Black "Smolny, Frieder"]
[Result "1-0"]
[WhiteElo "2173"]
[BlackElo "1871"]
[Annotator "Frederic"]
[PlyCount "59"]
[EventDate "2008.??.??"]

1. e4 e5 2. Nf3 Nc6 3. Bc4 Nf6 4. d3 Be7 5. c3 d6 6. O-O Na5 7. Bb5+ Bd7 8. Ba4
Bxa4 9. Qxa4+ Nc6 10. d4 Qd7 11. Nbd2 O-O 12. Qb3 b6 13. Re1 Qg4 14. h3 Qg6 15.
Qb5 Nd8 16. dxe5 Nh5 17. Nf1 Ne6 18. exd6 Nhf4 19. Bxf4 Nxf4 20. Ng3 Bxd6 21.
Nh4 Qf6 22. Nhf5 Be5 23. Rad1 h5 24. Ne2 Ne6 25. Ne7+ Kh7 26. Nc6 Bd6 27. Qxh5+
Kg8 28. e5 g6 29. exf6 gxh5 30. Rd5 1-0

[Event "Stadtmeisterschaft Ulm/Neu Ulm 2008"]
[Site "?"]
[Date "2008.10.31"]
[Round "4"]
[White "Deißler, Helmut"]
[Black "Mayer, Arnd"]
[Result "1/2-1/2"]
[WhiteElo "1988"]
[BlackElo "2097"]
[Annotator "Frederic"]
[PlyCount "81"]
[EventDate "2008.??.??"]

1. d4 f5 2. Nf3 Nf6 3. Bg5 e6 4. Nbd2 Be7 5. Bxf6 Bxf6 6. e4 fxe4 7. Nxe4 b6 8.
Bd3 Ba6 9. O-O Bxd3 10. Qxd3 O-O 11. c3 d5 12. Ned2 Qd6 13. Qe3 Nd7 14. Rfe1
Rfe8 15. Ne5 Bxe5 16. dxe5 Qe7 17. f4 c5 18. Nf3 c4 19. Nd4 Nc5 20. Rad1 Rf8
21. Rf1 Rae8 22. Nb5 Ne4 23. Rd4 a6 24. Rxe4 axb5 25. Rd4 b4 26. cxb4 Qxb4 27.
Qc3 Qc5 28. g3 Ra8 29. a3 Ra4 30. Kg2 b5 31. Rd2 b4 32. axb4 Rxb4 33. Rff2 Rfb8
34. f5 Rb3 35. Qd4 Qxd4 36. Rxd4 Rxb2 37. fxe6 Rxf2+ 38. Kxf2 Rb5 39. Rf4 c3
40. Ke2 d4 41. Rxd4 1/2-1/2

[Event "Stadtmeisterschaft Ulm/Neu Ulm 2008"]
[Site "?"]
[Date "2008.10.31"]
[Round "4"]
[White "Lainburg, Viktor"]
[Black "Hörsch, Heiner"]
[Result "1/2-1/2"]
[WhiteElo "1964"]
[BlackElo "2058"]
[Annotator "Frederic"]
[PlyCount "124"]
[EventDate "2008.??.??"]

1. Nf3 Nf6 2. g3 d5 3. Bg2 c5 4. b3 Nc6 5. Bb2 Bg4 6. h3 Bh5 7. O-O e6 8. d3
Be7 9. Nbd2 O-O 10. g4 Bg6 11. Nh4 d4 12. Nxg6 hxg6 13. Bxc6 bxc6 14. e4 e5 15.
Nc4 Nd7 16. Qe2 Bg5 17. Bc1 Bf4 18. Bxf4 exf4 19. Qf3 Qf6 20. e5 Nxe5 21. Nxe5
Qxe5 22. Qxc6 Rac8 23. Qf3 Rfe8 24. Rac1 Re6 25. Rfd1 Rce8 26. Kf1 Qe2+ 27. Kg2
g5 28. Qxe2 Rxe2 29. Kf3 g6 30. a4 Kg7 31. c3 Rb2 32. cxd4 cxd4 33. Rc4 Ree2
34. Rf1 Red2 35. Rxd4 Rxb3 36. Ke4 Kf6 37. Rd6+ Ke7 38. Ra6 Rb4+ 39. Ke5 f6+
40. Kd5 Rxd3+ 41. Kc5 Re4 42. Rxa7+ Ke6 43. Rb1 Rc3+ 44. Kb6 f3 45. a5 Re2 46.
Rc7 Rxc7 47. Kxc7 Rxf2 48. a6 Ra2 49. Kb7 Ke5 50. a7 Kf4 51. a8=Q Rxa8 52. Kxa8
f5 53. gxf5 gxf5 54. Kb7 Kg3 55. Kc6 f4 56. Kd5 Kxh3 57. Ke4 g4 58. Ke5 g3 59.
Kxf4 Kg2 60. Rb3 f2 61. Rxg3+ Kh1 62. Rf3 Kg1 1/2-1/2

[Event "Stadtmeisterschaft Ulm/Neu Ulm 2008"]
[Site "?"]
[Date "2008.10.31"]
[Round "4"]
[White "Gallwitz, Helge"]
[Black "Over, Klaus"]
[Result "1-0"]
[WhiteElo "2051"]
[BlackElo "1883"]
[Annotator "Frederic"]
[PlyCount "55"]
[EventDate "2008.??.??"]

1. e4 c6 2. d4 d5 3. Nd2 dxe4 4. Nxe4 Bf5 5. Ng3 Bg6 6. N1e2 e6 7. h4 h6 8. Nf4
Bh7 9. Bc4 Nf6 10. O-O Nd5 11. Bxd5 cxd5 12. Qh5 Qf6 13. Re1 Kd8 14. Nxd5 exd5
15. Qxd5+ Nd7 16. Qxb7 Rb8 17. Qxa7 Bb4 18. c3 Bd6 19. Ne4 Re8 20. Bg5 Bxe4 21.
Bxf6+ gxf6 22. Qa5+ Bc7 23. Qh5 Rxb2 24. f3 Rg8 25. Rxe4 Rgxg2+ 26. Kf1 Bg3 27.
Qa5+ Nb6 28. Qxb6+ 1-0

[Event "Stadtmeisterschaft Ulm/Neu Ulm 2008"]
[Site "?"]
[Date "2008.10.31"]
[Round "4"]
[White "Wolf, Rainer"]
[Black "Späht, Gerhard"]
[Result "1-0"]
[WhiteElo "2002"]
[BlackElo "1643"]
[Annotator "Frederic"]
[PlyCount "77"]
[EventDate "2008.??.??"]

1. Nf3 Nf6 2. e3 d5 3. Be2 Bg4 4. d4 e6 5. Nbd2 Nbd7 6. c4 c6 7. O-O Be7 8. a4
O-O 9. a5 Qc7 10. h3 Bh5 11. c5 e5 12. g4 Bg6 13. a6 exd4 14. axb7 Qxb7 15.
exd4 Rfe8 16. Nb3 Ne4 17. Na5 Qc7 18. Ba6 h5 19. Bb7 hxg4 20. hxg4 Ndf6 21. Ne5
Nxc5 22. Bxc6 Nce4 23. Bxa8 Rxa8 24. Bf4 Qb6 25. Nac6 Bf8 26. Nxg6 fxg6 27. Ne5
g5 28. Be3 Qe6 29. Qe2 Bd6 30. Ra6 Qc8 31. Rc6 Qb8 32. Rfc1 Qd8 33. Qa6 Qe7 34.
Rc8+ Rxc8 35. Qxc8+ Qf8 36. Qe6+ Kh7 37. Qf5+ Kg8 38. Rc8 Ne8 39. Qe6+ 1-0

[Event "Stadtmeisterschaft Ulm/Neu Ulm 2008"]
[Site "?"]
[Date "2008.10.31"]
[Round "4"]
[White "Förderreuther, Jonas"]
[Black "Lepschi, Albert"]
[Result "1/2-1/2"]
[WhiteElo "1510"]
[BlackElo "1674"]
[Annotator "Frederic"]
[PlyCount "74"]
[EventDate "2008.??.??"]

1. e4 c6 2. d4 d5 3. f3 e6 4. Nc3 Nf6 5. e5 Nfd7 6. f4 c5 7. Nf3 Nc6 8. Be3 a6
9. Be2 cxd4 10. Nxd4 Nxd4 11. Bxd4 b5 12. a3 Nb6 13. O-O Bd7 14. Bd3 g6 15. f5
gxf5 16. Bxf5 exf5 17. e6 Bxe6 18. Bxh8 Nc4 19. Re1 Be7 20. Bd4 Nxb2 21. Qh5
Qd6 22. Qxh7 O-O-O 23. Nxb5 axb5 24. Bxb2 d4 25. Qh5 Bf6 26. Qe2 Bc4 27. Qf3
Qc5 28. Qa8+ Kc7 29. Qa5+ Kb7 30. Qb4 Qb6 31. Kh1 Rh8 32. Re7+ Kb8 33. Rae1 Be6
34. R7xe6 fxe6 35. a4 Kb7 36. Qxb5 Qxb5 37. axb5 e5 1/2-1/2

[Event "Stadtmeisterschaft Ulm/Neu Ulm 2008"]
[Site "?"]
[Date "2008.10.31"]
[Round "4"]
[White "Hörsch, Florian"]
[Black "Hoffart, Alexander"]
[Result "0-1"]
[WhiteElo "1495"]
[BlackElo "1900"]
[Annotator "Frederic"]
[PlyCount "42"]
[EventDate "2008.??.??"]

1. e4 c6 2. d4 d5 3. exd5 cxd5 4. c4 Nf6 5. Nc3 g6 6. cxd5 Bg7 7. Qb3 O-O 8.
Be2 Nbd7 9. Bf3 Nb6 10. Bg5 Bf5 11. Nge2 Bd3 12. Bxf6 Bxf6 13. Ne4 Bc4 14.
Nxf6+ exf6 15. Qa3 Re8 16. d6 Rc8 17. Rc1 Bxe2 18. d7 Rxc1+ 19. Kd2 Nc4+ 20.
Kxc1 Nxa3 21. dxe8=Q+ Qxe8 0-1

[Event "Stadtmeisterschaft Ulm/Neu Ulm 2008"]
[Site "?"]
[Date "2008.10.31"]
[Round "4"]
[White "Hengstberger, Ulli"]
[Black "Locher, Klaus"]
[Result "0-1"]
[WhiteElo "1445"]
[BlackElo "1787"]
[Annotator "Frederic"]
[PlyCount "106"]
[EventDate "2008.??.??"]

1. c4 c5 2. Nc3 Nc6 3. g3 g6 4. Bg2 Bg7 5. Nf3 e5 6. d3 Nge7 7. O-O O-O 8. Ne1
d6 9. Rb1 f5 10. f4 Be6 11. Nf3 h6 12. a3 Rb8 13. Qc2 Nd4 14. Nxd4 exd4 15. Nd5
Re8 16. Re1 Qd7 17. a4 Nxd5 18. cxd5 Bf7 19. Bd2 Re7 20. e4 dxe3 21. Bxe3 Rxe3
22. Rxe3 Bd4 23. Rbe1 Re8 24. Qd2 Qxa4 25. Kf1 Bxe3 26. Rxe3 Qa1+ 27. Re1 Rxe1+
28. Qxe1 Qxb2 29. Qa5 Qb6 30. Qxb6 axb6 31. Ke2 b5 32. Kd2 Kf8 33. Kc3 Ke7 34.
d4 b6 35. Kd3 Kd7 36. Kc3 Kc7 37. h3 b4+ 38. Kc4 Be8 39. g4 fxg4 40. hxg4 b5+
41. Kd3 c4+ 42. Kc2 Kb6 43. f5 gxf5 44. gxf5 Kc7 45. Bh3 Bf7 46. f6 Bxd5 47.
Kb2 Kd8 48. Kc2 Ke8 49. Kb2 Kf7 50. Bd7 c3+ 51. Kc2 Bc4 52. Kc1 Kxf6 53. Kb1 b3
0-1

[Event "Stadtmeisterschaft Ulm/Neu Ulm 2008"]
[Site "?"]
[Date "2008.10.31"]
[Round "4"]
[White "Napierala, Jascha"]
[Black "Rieken, Bernd"]
[Result "1-0"]
[WhiteElo "790"]
[BlackElo "1542"]
[Annotator "Frederic"]
[PlyCount "62"]
[EventDate "2008.??.??"]

1. d4 d5 2. c4 dxc4 3. Nc3 Bd7 4. e3 b5 5. a4 c6 6. d5 Nf6 7. dxc6 Nxc6 8. Nxb5
a6 9. Na3 Na5 10. Bd2 Rc8 11. Nf3 e6 12. Be2 Nb3 13. Rb1 Bb4 14. Bxc4 Nxd2 15.
Nxd2 a5 16. O-O O-O 17. f4 Qb6 18. Rf3 Ng4 19. Qe2 Bc5 20. Nf1 Bb4 21. Rh3 Bxa3
22. Qd3 Nf6 23. Qc3 Bxa4 24. b3 Bb5 25. Nd2 Rfd8 26. Rg3 Nh5 27. Rg5 g6 28.
Rxb5 Qxb5 29. Ra1 Qb4 30. Qxb4 axb4 31. Nf3 Re8 1-0

[Event "Stadtmeisterschaft Ulm/Neu Ulm 2008"]
[Site "?"]
[Date "2008.10.31"]
[Round "4"]
[White "Huppertz, Anton"]
[Black "Fischer, Heidi"]
[Result "0-1"]
[WhiteElo "1363"]
[BlackElo "1375"]
[Annotator "Frederic"]
[PlyCount "85"]
[EventDate "2008.??.??"]

1. e4 c5 2. Nf3 Nc6 3. d4 cxd4 4. Nxd4 e5 5. Nf3 Bc5 6. Nc3 a6 7. a3 Nge7 8. b4
Ba7 9. Bb2 Qb6 10. Qd2 f6 11. Bc4 Nd4 12. Nxd4 Qxd4 13. Qxd4 Bxd4 14. Rd1 b5
15. Bd3 Bb7 16. Ba1 O-O 17. Ne2 Nc6 18. Nxd4 Nxd4 19. c3 Ne6 20. O-O Rac8 21.
f3 Rfd8 22. Bc2 Kf8 23. Bb3 Nf4 24. Rf2 d5 25. exd5 Bxd5 26. Bxd5 Rxd5 27. Rxd5
Nxd5 28. Rc2 Ne3 29. Ra2 Rd8 30. Kf2 Nc4 31. Ke2 Ke7 32. g3 h5 33. h3 f5 34. a4
Rd7 35. axb5 axb5 36. h4 Kf7 37. Ra8 Rd2+ 38. Ke1 Rg2 39. Ra7+ Kg6 40. Rb7 Rg1+
41. Kf2 Rxa1 42. Rxb5 Ra3 43. Rxe5 0-1

[Event "Stadtmeisterschaft Ulm/Neu Ulm 2008"]
[Site "?"]
[Date "2008.10.31"]
[Round "4"]
[White "Meier, Dennis"]
[Black "Kirn, Philipp"]
[Result "1-0"]
[WhiteElo "1335"]
[BlackElo "828"]
[Annotator "Frederic"]
[PlyCount "71"]
[EventDate "2008.??.??"]

1. d4 Nf6 2. Nf3 d5 3. c4 e6 4. Bf4 Nc6 5. e3 Bd6 6. Bxd6 cxd6 7. cxd5 Qa5+ 8.
Nbd2 exd5 9. Be2 Ne4 10. O-O Bf5 11. Nb3 Qc7 12. Rc1 Qe7 13. Nbd2 O-O 14. Qb3
Qe6 15. Qxb7 Ne7 16. b3 Rab8 17. Qa6 Rb6 18. Qa3 a5 19. Rfd1 Nc6 20. Nh4 Ne7
21. Nxf5 Nxf5 22. Rc2 Qf6 23. Rdc1 Rbb8 24. Qxa5 Ne7 25. Nxe4 dxe4 26. Qd2 Qe6
27. Rb2 d5 28. b4 Rb7 29. b5 Rfb8 30. a4 Nc8 31. a5 Na7 32. Rcb1 Qd6 33. b6 Nc8
34. Rc1 Qe6 35. Qc3 h6 36. Ba6 1-0

[Event "Stadtmeisterschaft Ulm/Neu Ulm 2008"]
[Site "?"]
[Date "2008.10.31"]
[Round "4"]
[White "Krapf, Katharina"]
[Black "Sturm, Paul"]
[Result "1-0"]
[WhiteElo "1223"]
[BlackElo "1296"]
[Annotator "Frederic"]
[PlyCount "59"]
[EventDate "2008.??.??"]

1. c4 e5 2. Nc3 Nf6 3. g3 Be7 4. Bg2 Nc6 5. e3 a6 6. Nge2 O-O 7. O-O Rb8 8. d4
exd4 9. exd4 d6 10. Bf4 Qd7 11. d5 Nd8 12. Re1 c6 13. Nd4 Re8 14. Ne4 c5 15.
Nc2 b5 16. Nxc5 Qa7 17. Ne4 Ng4 18. h3 Ne5 19. Bxe5 dxe5 20. d6 Bf6 21. c5 Re6
22. Nxf6+ Rxf6 23. Rxe5 Ne6 24. Qd2 Bd7 25. Nb4 Re8 26. c6 Nf8 27. cxd7 Nxd7
28. Rxe8+ Nf8 29. d7 g6 30. d8=Q 1-0

[Event "Stadtmeisterschaft Ulm/Neu Ulm 2008"]
[Site "Privat"]
[Date "2008.10.31"]
[Round "4"]
[White "Sander, Lucia"]
[Black "Schwab, Matthias"]
[Result "0-1"]
[WhiteElo "1810"]
[BlackElo "2022"]
[Annotator "Frederic"]
[PlyCount "150"]
[EventDate "2008.??.??"]
[TimeControl "40/7200:20/3600:1800"]

1. d4 Nf6 2. Nf3 g6 3. c4 Bg7 4. Nc3 O-O 5. e4 d6 6. h3 e5 7. d5 a5 8. Be3 Na6
9. Be2 Ne8 10. g4 f5 11. gxf5 gxf5 12. Bg5 Bf6 13. Rg1 Kh8 14. exf5 Bxf5 15.
Qd2 Qe7 16. O-O-O Nc5 17. Bxf6+ Nxf6 18. Qg5 Bd7 19. Nh4 Rg8 20. Qh6 Qf7 21. f4
exf4 22. Qxf4 Raf8 23. Rxg8+ Nxg8 24. Qd4+ Qf6 25. Nf3 Bxh3 26. Nb5 Na6 27. Ng5
Qxd4 28. Nxd4 Bd7 29. Rg1 h6 30. Nge6 Rf2 31. Kd1 Rf6 32. Ke1 c5 33. Nb5 Bxe6
34. dxe6 Rxe6 35. Kd2 Ne7 36. a3 b6 37. Rf1 Kg7 38. Bh5 Nb8 39. Nc7 Re5 40.
Ne8+ Kg8 41. Bf7+ Kh7 42. Nxd6 Nbc6 43. Be8 Nd4 44. Bh5 Nef5 45. Nc8 Ng7 46.
Bd1 Re6 47. Rf7 Kg6 48. Rb7 h5 49. Nxb6 {[%emt 0:00:00]} Rf6 50. Nd5 Rf2+ 51.
Ke3 Rh2 52. Nf4+ Kh6 53. Rb6+ Kg5 54. Rg6+ Kh4 55. Ng2+ Kh3 56. Kf2 Rh1 57. Ba4
Ngf5 58. Bd7 Rb1 59. Nf4+ Kh4 60. Ng2+ Kh3 61. Rg5 Rxb2+ 62. Kf1 Rb1+ 63. Ne1
Rxe1+ 64. Kxe1 Nf3+ 65. Kf2 Nxg5 66. Bxf5+ Kh2 67. Bg6 h4 68. Bf5 Nf7 69. Ke3
Ne5 70. Kf4 Nxc4 71. a4 Kg2 72. Be4+ Kf2 73. Kg4 Ke3 74. Bc6 Ne5+ 75. Kxh4 Nxc6
0-1

[Event "Stadtmeisterschaft Ulm/Neu Ulm 2008"]
[Site "Privat"]
[Date "2008.10.31"]
[Round "4"]
[White "Jahn, Manfred"]
[Black "Geutebrück, Sebastian"]
[Result "1/2-1/2"]
[WhiteElo "1617"]
[BlackElo "1943"]
[Annotator "Frederic"]
[PlyCount "69"]
[EventDate "2008.??.??"]
[SourceDate "2008.11.23"]

1. d4 d5 2. c4 c6 3. Nc3 dxc4 4. e4 e5 5. Bxc4 exd4 6. Nf3 Nd7 7. Qxd4 Ngf6 8.
e5 Bc5 9. Qh4 Qe7 10. Bf4 Nb6 11. Be2 Nfd5 12. Bg5 Qc7 13. O-O Bf5 14. Ne4 Bf8
15. Bd3 Be6 16. a3 Nd7 17. Qg3 h6 18. Bd2 O-O-O 19. Rac1 g5 20. Nd6+ Kb8 21.
Nd4 N7b6 22. Nc4 Nf4 23. Nxe6 Rxd3 24. Qxd3 Nxd3 25. Nxc7 Nxc1 26. Rxc1 Kxc7
27. Nxb6 axb6 28. Bc3 Rg8 29. Re1 Kd7 30. Rd1+ Ke7 31. g4 Bg7 32. Kg2 Rd8 33.
Rxd8 Kxd8 34. Kf3 Ke7 35. Ke4 1/2-1/2

[Event "Stadtmeisterschaft Ulm/Neu Ulm 2008"]
[Site "Privat"]
[Date "2008.11.14"]
[Round "5"]
[White "Gebhardt, Uwe"]
[Black "Bühler, Jürgen"]
[Result "1-0"]
[WhiteElo "1996"]
[BlackElo "1917"]
[Annotator "Frederic"]
[PlyCount "97"]
[EventDate "2008.??.??"]
[SourceDate "2008.11.24"]

1. d4 Nf6 2. c4 e6 3. Nc3 Bb4 4. g3 c5 5. Nf3 Ne4 6. Bd2 Bxc3 7. bxc3 d6 8. Bg2
O-O 9. O-O Nd7 10. Qb1 f5 11. Rd1 Qc7 12. d5 e5 13. Ng5 Nxg5 14. Bxg5 Nf6 15.
Bd2 Qf7 16. Qd3 Ng4 17. h3 e4 18. Qc2 Ne5 19. Bf4 Bd7 20. a4 Nxc4 21. Qa2 b5
22. axb5 Bxb5 23. Rdb1 a6 24. Rxb5 axb5 25. Qxa8 Rxa8 26. Rxa8+ Qf8 27. Rxf8+
Kxf8 28. Kf1 Ke7 29. g4 Kf6 30. h4 h6 31. h5 Ne5 32. gxf5 Kxf5 33. Bg3 b4 34.
cxb4 cxb4 35. Ke1 Nc4 36. e3 b3 37. Kd1 b2 38. Kc2 Kg4 39. Bf4 Kxh5 40. f3
b1=Q+ 41. Kxb1 Nd2+ 42. Kc2 exf3 43. Kxd2 fxg2 44. Bh2 Kg6 45. Ke2 Kf5 46. Kf3
g5 47. e4+ Kf6 48. Kxg2 Ke7 49. Bg1 1-0

[Event "Stadtmeisterschaft Ulm/Neu Ulm 2008"]
[Site "Privat"]
[Date "2008.11.14"]
[Round "5"]
[White "Anistratov, Dimitrij"]
[Black "Wolf, Rainer"]
[Result "1-0"]
[WhiteElo "2333"]
[BlackElo "2002"]
[Annotator "Frederic"]
[PlyCount "75"]
[EventDate "2008.??.??"]
[SourceDate "2008.11.24"]

1. Nf3 g6 2. e4 Bg7 3. d4 d6 4. Nc3 c6 5. a4 a5 6. h3 h6 7. Be3 Nd7 8. Be2 e6
9. O-O d5 10. Re1 dxe4 11. Nxe4 Ndf6 12. Nc5 Nd5 13. Bd2 Nge7 14. Qc1 Nf5 15.
c3 b6 16. Nd3 Nde7 17. Nde5 f6 18. Nc4 g5 19. Bd3 O-O 20. Qc2 Nd6 21. Nxd6 Qxd6
22. c4 Rd8 23. Rad1 Kh8 24. Bc3 Nf5 25. d5 cxd5 26. cxd5 Ne7 27. dxe6 Bb7 28.
Be4 Bxe4 29. Qxe4 Qc7 30. Rd7 Qc5 31. Bd4 Qb4 32. Bxb6 Qxb6 33. Rxe7 Ra7 34.
Rxa7 Qxa7 35. e7 Re8 36. Nd4 f5 37. Nxf5 Bf6 38. Qc6 1-0

[Event "Stadtmeisterschaft Ulm/Neu Ulm 2008"]
[Site "Privat"]
[Date "2008.11.14"]
[Round "5"]
[White "Schwab, Matthias"]
[Black "Schulze, Andreas"]
[Result "0-1"]
[WhiteElo "2022"]
[BlackElo "2173"]
[Annotator "Frederic"]
[PlyCount "84"]
[EventDate "2008.??.??"]
[SourceDate "2008.11.24"]

1. d4 Nf6 2. c4 g6 3. Nc3 d5 4. cxd5 Nxd5 5. e4 Nxc3 6. bxc3 Bg7 7. Bc4 c5 8.
Ne2 O-O 9. O-O Nc6 10. Be3 Bg4 11. f3 cxd4 12. cxd4 Bd7 13. Rc1 Rc8 14. Qd2 Qa5
15. Qxa5 Nxa5 16. Bd3 b5 17. d5 a6 18. Nd4 e6 19. Kf2 exd5 20. exd5 Rfe8 21.
Ne2 Bb2 22. Rxc8 Rxc8 23. Rb1 Ba3 24. Bf4 Nc4 25. g4 Nb6 26. d6 Bc5+ 27. Kg2
Nd5 28. Bg3 Ne3+ 29. Kh1 Nxg4 30. Be4 Nf2+ 31. Bxf2 Bxf2 32. Nf4 Kg7 33. Bb7
Rb8 34. Bxa6 Rb6 35. Nd3 Bd4 36. Rb4 Rxd6 37. Rxb5 Rxa6 38. Rd5 Bc6 39. Rxd4
Bxf3+ 40. Kg1 Rxa2 41. Ne5 Ra1+ 42. Kf2 Bd1 0-1

[Event "Stadtmeisterschaft Ulm/Neu Ulm 2008"]
[Site "Privat"]
[Date "2008.11.14"]
[Round "5"]
[White "Souissi, Skander"]
[Black "Gallwitz, Helge"]
[Result "0-1"]
[WhiteElo "1850"]
[BlackElo "2051"]
[Annotator "Frederic"]
[PlyCount "70"]
[EventDate "2008.??.??"]
[SourceDate "2008.11.25"]

1. c4 f5 2. g3 Nf6 3. Bg2 g6 4. Nc3 Bg7 5. d3 d6 6. e3 O-O 7. Nge2 c6 8. O-O a5
9. Rb1 Na6 10. a3 e5 11. b4 axb4 12. axb4 Bd7 13. Qb3 Rb8 14. Ba3 Nc7 15. b5 c5
16. Rfd1 Ne6 17. Nd5 b6 18. Nxf6+ Qxf6 19. Bb2 Qg5 20. Bd5 f4 21. exf4 exf4 22.
Bxg7 Kxg7 23. Qb2+ Kh6 24. h4 Qg4 25. Qd2 Nd4 26. Nxd4 cxd4 27. Re1 Rbe8 28.
Rxe8 Rxe8 29. Qxf4+ Qxf4 30. gxf4 Bf5 31. Rd1 Kh5 32. Kg2 Kg4 33. f3+ Kxf4 34.
Be4 Bxe4 35. dxe4 Ke3 0-1

[Event "Stadtmeisterschaft Ulm/Neu Ulm 2008"]
[Site "Privat"]
[Date "2008.11.14"]
[Round "5"]
[White "Mayer, Arnd"]
[Black "Jahn, Manfred"]
[Result "1-0"]
[WhiteElo "2087"]
[BlackElo "1617"]
[Annotator "Frederic"]
[PlyCount "61"]
[EventDate "2008.??.??"]
[SourceDate "2008.11.25"]

1. Nf3 Nf6 2. g3 c5 3. Bg2 Nc6 4. O-O d5 5. d3 e6 6. Nbd2 Be7 7. c3 O-O 8. Qc2
Qc7 9. e4 b6 10. Re1 dxe4 11. dxe4 e5 12. Nc4 Be6 13. Ne3 Rad8 14. Ng5 Qc8 15.
Nxe6 Qxe6 16. Nf5 h6 17. Qa4 Rfe8 18. Bh3 Kh7 19. Kg2 Na5 20. Nxg7 Qd6 21. Nxe8
Nxe8 22. Be3 Ng7 23. Rad1 Qg6 24. Rxd8 Bxd8 25. Rd1 c4 26. Rxd8 Qxe4+ 27. Kg1
Qb1+ 28. Qd1 Qxb2 29. Qc1 Qxa2 30. Bxh6 e4 31. Bxg7 1-0

[Event "Stadtmeisterschaft Ulm/Neu Ulm 2008"]
[Site "Privat"]
[Date "2008.11.14"]
[Round "5"]
[White "Smolny, Frieder"]
[Black "Deißler, Helmut"]
[Result "1-0"]
[WhiteElo "1871"]
[BlackElo "1988"]
[Annotator "Frederic"]
[PlyCount "69"]
[EventDate "2008.??.??"]
[SourceDate "2008.11.25"]

1. d4 d5 2. c4 e6 3. Nc3 Nf6 4. Nf3 Bb4 5. cxd5 exd5 6. Bg5 h6 7. Bh4 g5 8. Bg3
Ne4 9. Nd2 Nxc3 10. bxc3 Bxc3 11. Rc1 Bb2 12. Bxc7 Qe7 13. Rb1 Bc3 14. Bg3 Nc6
15. e3 Bxd4 16. Bb5 Bf6 17. O-O h5 18. e4 d4 19. Nc4 h4 20. Bd6 Qe6 21. f4 gxf4
22. Rxf4 Bd7 23. Qb3 Bg5 24. Rf5 Be3+ 25. Kh1 f6 26. Ba3 Kf7 27. Nd6+ Kg6 28.
Bc4 Qe7 29. Bf7+ Kh7 30. Rh5+ Kg7 31. Nf5+ Bxf5 32. Bxe7 Bxe4 33. Qe6 Nxe7 34.
Qxe7 Raf8 35. Be8+ 1-0

[Event "Stadtmeisterschaft Ulm/Neu Ulm 2008"]
[Site "Privat"]
[Date "2008.11.14"]
[Round "5"]
[White "Krauß, Rainer"]
[Black "Lainburg, Viktor"]
[Result "1/2-1/2"]
[WhiteElo "1642"]
[BlackElo "1964"]
[Annotator "Frederic"]
[PlyCount "142"]
[EventDate "2008.??.??"]
[SourceDate "2008.11.25"]

1. e4 Nf6 2. Nc3 d5 3. exd5 Nxd5 4. Bc4 Nb6 5. Bb3 Nc6 6. Nf3 g6 7. Ng5 e6 8.
d3 Bg7 9. Nce4 Nd4 10. O-O O-O 11. Re1 h6 12. Nf3 Nxb3 13. axb3 Bd7 14. c3 Bc6
15. d4 e5 16. c4 exd4 17. Qd3 Re8 18. Bf4 Nd7 19. b4 a5 20. Rxa5 Rxa5 21. bxa5
f5 22. Ng3 Rxe1+ 23. Nxe1 Nc5 24. Qd2 g5 25. Nxf5 gxf4 26. Qxf4 Qg5 27. Qxg5
hxg5 28. Ne7+ Kf7 29. Nxc6 bxc6 30. b4 d3 31. Nxd3 Na6 32. b5 cxb5 33. cxb5 Nb8
34. a6 Bd4 35. Ne5+ Ke6 36. Nf3 Bb6 37. Nxg5+ Kd5 38. h4 Kc4 39. Ne6 Kxb5 40.
Nxc7+ Kc6 41. Ne6 Nxa6 42. g4 Kd6 43. Ng5 Ke5 44. Kg2 Kf4 45. f3 Nc7 46. Nh3+
Ke5 47. f4+ Kf6 48. Ng5 Ne8 49. Ne4+ Kf7 50. Kg3 Bd4 51. g5 Kg6 52. Kg4 Ng7 53.
Ng3 Kh7 54. h5 Bb2 55. f5 Ne8 56. Ne4 Kg7 57. h6+ Kg8 58. g6 Nf6+ 59. Nxf6+
Bxf6 60. Kf4 Bb2 61. Ke4 Bc1 62. h7+ Kg7 63. Ke5 Bb2+ 64. Kd6 Bc3 65. h8=Q+
Kxh8 66. Ke6 Kg8 67. g7 Bb2 68. Ke7 Ba3+ 69. Ke8 Bb4 70. Kd7 Kf7 71. Kc6 Bc3
1/2-1/2

[Event "Stadtmeisterschaft Ulm/Neu Ulm 2008"]
[Site "Privat"]
[Date "2008.11.14"]
[Round "5"]
[White "Geutebrück, Sebastian"]
[Black "Goda, Frederic"]
[Result "1-0"]
[WhiteElo "1943"]
[BlackElo "1706"]
[Annotator "Frederic"]
[PlyCount "89"]
[EventDate "2008.??.??"]
[SourceDate "2008.11.25"]

1. d4 d5 2. Nf3 Nf6 3. e3 Bf5 4. Bd3 Bg6 5. O-O e6 6. Nbd2 Bd6 7. Re1 Ne4 8.
Nf1 Nd7 9. c4 c6 10. c5 Bc7 11. b4 f5 12. a4 Ndf6 13. Qb3 O-O 14. Ne5 Bxe5 15.
dxe5 Nxf2 16. Kxf2 Ng4+ 17. Kg1 Nxe5 18. Bb2 Nd7 19. Qc3 e5 20. Ng3 Qg5 21. Ra2
Rae8 22. Bc1 e4 23. Be2 h5 24. Bb2 Ne5 25. Qd2 h4 26. Bxe5 Rxe5 27. Nf1 Qe7 28.
Bd1 Bf7 29. g3 Re6 30. Qf2 Be8 31. a5 Bd7 32. gxh4 Rh6 33. h5 Qe5 34. Qb2 Qc7
35. Qd4 f4 36. exf4 Bh3 37. Qe5 Qc8 38. Ng3 Rhf6 39. Rf2 Re8 40. Qd4 Qc7 41. f5
Qd7 42. Rxe4 Qf7 43. Rxe8+ Qxe8 44. Re2 Qf7 45. Qe5 1-0

[Event "Stadtmeisterschaft Ulm/Neu Ulm 2008"]
[Site "Privat"]
[Date "2008.11.14"]
[Round "5"]
[White "Lepschi, Albert"]
[Black "Over, Klaus"]
[Result "0-1"]
[WhiteElo "1674"]
[BlackElo "1883"]
[Annotator "Frederic"]
[PlyCount "46"]
[EventDate "2008.??.??"]
[SourceDate "2008.11.25"]

1. d4 Nf6 2. c4 g6 3. Nc3 Bg7 4. e4 O-O 5. e5 Ne8 6. f4 d6 7. Nf3 Bg4 8. Be2
Nd7 9. Ng5 Bxe2 10. Qxe2 h6 11. Nxf7 Rxf7 12. e6 Rf5 13. exd7 Qxd7 14. Be3 e5
15. dxe5 dxe5 16. O-O Qe6 17. g4 Rf8 18. fxe5 Rxf1+ 19. Rxf1 Qxe5 20. Rd1 Nf6
21. Bd4 Qxe2 22. Nxe2 Rd8 23. h3 c5 0-1

[Event "Stadtmeisterschaft Ulm/Neu Ulm 2008"]
[Site "Privat"]
[Date "2008.11.14"]
[Round "5"]
[White "Späth, Gerhard"]
[Black "Sander, Luzia"]
[Result "0-1"]
[WhiteElo "1643"]
[BlackElo "1810"]
[Annotator "Frederic"]
[PlyCount "104"]
[EventDate "2008.??.??"]
[SourceDate "2008.11.25"]

1. e4 c5 2. Nf3 e6 3. d4 cxd4 4. Nxd4 Nf6 5. Nc3 d6 6. Be3 a6 7. Be2 b5 8. a3
Bb7 9. f3 Qc7 10. Qd2 Nbd7 11. g4 h6 12. h4 d5 13. g5 hxg5 14. Bxg5 Qg3+ 15.
Kf1 dxe4 16. Bf4 Qg6 17. Rg1 Qh7 18. Bg5 Bc5 19. Rg3 Nh5 20. Rh3 Bxd4 21. Qxd4
Qf5 22. Kg2 e5 23. Qd6 Nf4+ 24. Bxf4 exf4 25. Rd1 Rh6 26. Qd4 exf3+ 27. Bxf3
Qg4+ 28. Kf2 Qxh3 29. Bxb7 Qxh4+ 30. Kf1 Rd8 31. Qxg7 Re6 32. Qg8+ Nf8 33.
Rxd8+ Qxd8 34. Bd5 Rf6 35. Qg2 f3 36. Bxf3 Qd4 37. Qg3 Nd7 38. Qf2 Qxf2+ 39.
Kxf2 Ne5 40. Nd5 Rxf3+ 41. Ke2 Rh3 42. Nc7+ Kd7 43. Nxa6 f5 44. Nc5+ Kd6 45. b4
Kd5 46. a4 bxa4 47. Nxa4 Kc4 48. c3 f4 49. Kd2 Rh2+ 50. Ke1 Nd3+ 51. Kf1 f3 52.
Kg1 Ra2 0-1